| 000 | 00621nam a22002057a 4500 | ||
|---|---|---|---|
| 003 | Nust | ||
| 005 | 20241030113843.0 | ||
| 008 | 170216b xxu||||| |||| 00| 0 eng d | ||
| 040 | _cNust-MCE | ||
| 082 | _a200 | ||
| 100 |
_aHaider Abbas _9126613 |
||
| 245 |
_aProbabilistic seismic hazard analysis of Karachi city/ _cHaider Abbas |
||
| 260 |
_aRisalpur, _bMCE, _c2014. |
||
| 300 | _a101p. | ||
| 520 | _aMCE | ||
| 650 | _2MS-Construction Engineering and Management | ||
| 700 |
_aSupervisor: Dr. Muhammad Maqbool Sadiq _9126614 |
||
| 856 | _uhttp://10.250.8.41:8080/xmlui/handle/123456789/11819 | ||
| 942 |
_cSC _2ddc |
||
| 999 |
_c232277 _d232277 |
||